<?xml version="1.0" encoding="UTF-8"?>
<record
    xmlns:xsi="http://www.w3.org/2001/XMLSchema-instance"
    xsi:schemaLocation="http://www.loc.gov/MARC21/slim http://www.loc.gov/standards/marcxml/schema/MARC21slim.xsd"
    xmlns="http://www.loc.gov/MARC21/slim">

  <leader>03007nam0a22004571  4500</leader>
  <controlfield tag="001">RU\NLR\BIBL_A\011777964</controlfield>
  <controlfield tag="005">20260408063710.0</controlfield>
  <datafield tag="035" ind1=" " ind2=" ">
    <subfield code="a">(NLR Aleph) 011777964</subfield>
  </datafield>
  <datafield tag="090" ind1=" " ind2=" ">
    <subfield code="a">11760898</subfield>
    <subfield code="c">11760898</subfield>
  </datafield>
  <datafield tag="100" ind1=" " ind2=" ">
    <subfield code="a">20180827d1817    |||y0rusy50      ca</subfield>
  </datafield>
  <datafield tag="101" ind1="0" ind2=" ">
    <subfield code="a">rus</subfield>
  </datafield>
  <datafield tag="102" ind1=" " ind2=" ">
    <subfield code="a">RU</subfield>
  </datafield>
  <datafield tag="135" ind1=" " ind2=" ">
    <subfield code="a">crcn 024anaba</subfield>
  </datafield>
  <datafield tag="140" ind1=" " ind2=" ">
    <subfield code="a">y   y    aa      mayaa0000  </subfield>
  </datafield>
  <datafield tag="200" ind1="1" ind2=" ">
    <subfield code="a">&#x421;&#x43B;&#x43E;&#x432;&#x43E; &#x432; &#x434;&#x435;&#x43D;&#x44C; &#x421;&#x440;&#x435;&#x442;&#x435;&#x43D;&#x438;&#x44F; &#x413;&#x43E;&#x441;&#x43F;&#x43E;&#x434;&#x43D;&#x44F;,</subfield>
    <subfield code="f">&#x433;&#x43E;&#x432;&#x43E;&#x440;&#x435;&#x43D;&#x43D;&#x43E;&#x435; &#x432; &#x421;&#x432;&#x44F;&#x442;&#x43E;&#x442;&#x440;&#x43E;&#x438;&#x446;&#x43A;&#x43E;&#x439; &#x410;&#x43B;&#x435;&#x43A;&#x441;&#x430;&#x43D;&#x434;&#x440;&#x43E;&#x43D;&#x435;&#x432;&#x441;&#x43A;&#x43E;&#x439; &#x43B;&#x430;&#x432;&#x440;&#x435; &#x421;&#x430;&#x43D;&#x43A;&#x442;&#x43F;&#x435;&#x442;&#x435;&#x440;&#x431;&#x443;&#x440;&#x433;&#x441;&#x43A;&#x43E;&#x439; &#x441;&#x435;&#x43C;&#x438;&#x43D;&#x430;&#x440;&#x438;&#x438; &#x438;&#x43D;&#x441;&#x43F;&#x435;&#x43A;&#x442;&#x43E;&#x440;&#x43E;&#x43C;, &#x410;&#x43B;&#x435;&#x43A;&#x441;&#x430;&#x43D;&#x434;&#x440;&#x43E;-&#x41D;&#x435;&#x432;&#x441;&#x43A;&#x430;&#x433;&#x43E; &#x443;&#x435;&#x437;&#x434;&#x43D;&#x430;&#x433;&#x43E; &#x443;&#x447;&#x438;&#x43B;&#x438;&#x449;&#x430; &#x440;&#x435;&#x43A;&#x442;&#x43E;&#x440;&#x43E;&#x43C;, &#x438;&#x435;&#x440;&#x43E;&#x43C;&#x43E;&#x43D;&#x430;&#x445;&#x43E;&#x43C; &#x41F;&#x43E;&#x43B;&#x438;&#x43A;&#x430;&#x440;&#x43F;&#x43E;&#x43C;</subfield>
  </datafield>
  <datafield tag="210" ind1=" " ind2=" ">
    <subfield code="a">&#x421;&#x430;&#x43D;&#x43A;&#x442;&#x43F;&#x435;&#x442;&#x435;&#x440;&#x431;&#x443;&#x440;&#x433;</subfield>
    <subfield code="c">&#x432; &#x442;&#x438;&#x43F;&#x43E;&#x433;&#x440;&#x430;&#x444;&#x438;&#x438; &#x41D;. &#x413;&#x440;&#x435;&#x447;&#x430;</subfield>
    <subfield code="d">1817</subfield>
  </datafield>
  <datafield tag="215" ind1=" " ind2=" ">
    <subfield code="a">16 &#x441;.</subfield>
    <subfield code="d">8&#xB0;</subfield>
  </datafield>
  <datafield tag="300" ind1=" " ind2=" ">
    <subfield code="a">&#x426;&#x435;&#x43D;&#x437;.: &#x430;&#x440;&#x445;&#x438;&#x43C;&#x430;&#x43D;&#x434;&#x440;&#x438;&#x442; &#x418;&#x43D;&#x43D;&#x43E;&#x43A;&#x435;&#x43D;&#x442;&#x438;&#x439;, 15 &#x43C;&#x430;&#x44F; 1817 &#x433;.</subfield>
  </datafield>
  <datafield tag="316" ind1=" " ind2=" ">
    <subfield code="a">&#x42D;&#x43A;&#x437;. &#x420;&#x41D;&#x411; (18.94.4.242) &#x432; &#x43E;&#x431;&#x43B;. &#x438;&#x437; &#x441;&#x435;&#x440;&#x43E;-&#x433;&#x43E;&#x43B;&#x443;&#x431;&#x43E;&#x439; &#x431;&#x443;&#x43C;&#x430;&#x433;&#x438;. &#x41D;&#x430; 1-&#x439; &#x441;. &#x43E;&#x431;&#x43B;. &#x44F;&#x440;&#x43B;&#x44B;&#x43A; &#x441; &#x448;&#x438;&#x444;&#x440;&#x43E;&#x43C; &#x420;&#x41D;&#x411;, &#x447;&#x435;&#x440;&#x43D;&#x438;&#x43B;&#x44C;&#x43D;&#x44B;&#x435; &#x43F;&#x44F;&#x442;&#x43D;&#x430; &#x438; &#x440;&#x443;&#x43A;&#x43E;&#x43F;. &#x442;&#x435;&#x445;&#x43D;. &#x43F;&#x43E;&#x43C;&#x435;&#x442;&#x44B;. &#x41D;&#x430; 2-&#x439; &#x441;. &#x43E;&#x431;&#x43B;. &#x434;&#x432;&#x430; &#x43F;&#x443;&#x441;&#x442;&#x44B;&#x445; &#x44F;&#x440;&#x43B;&#x44B;&#x43A;&#x430;. &#x41D;&#x430; &#x442;&#x438;&#x442;. &#x43B;. &#x43A;&#x440;&#x443;&#x433;&#x43B;&#x44B;&#x439; &#x448;&#x442;&#x430;&#x43C;&#x43F; &#x413;&#x41F;&#x411; &#x438; &#x43A;&#x440;&#x443;&#x433;&#x43B;&#x44B;&#x439; &#x448;&#x442;&#x430;&#x43C;&#x43F; &#x418;&#x411; &#x432; &#x432;&#x435;&#x43D;&#x43A;&#x435; &#x441; &#x43A;&#x43E;&#x440;&#x43E;&#x43D;&#x43E;&#x439;. &#x41D;&#x430; &#x441;.15 (2 &#x448;&#x442;.) &#x438; 16 &#x43A;&#x440;&#x443;&#x433;&#x43B;&#x44B;&#x439; &#x448;&#x442;&#x430;&#x43C;&#x43F; &#x413;&#x41F;&#x411;. &#x418;&#x43C;&#x435;&#x44E;&#x442;&#x441;&#x44F; &#x43F;&#x43E;&#x442;&#x435;&#x43A;&#x438; &#x43D;&#x430; &#x43E;&#x431;&#x43B;. &#x420;&#x430;&#x437;&#x43C;&#x435;&#x440;: 22,5&#x445;14,5&#x445;0,2 &#x441;&#x43C;</subfield>
    <subfield code="5">NLR: 18.94.4.242</subfield>
  </datafield>
  <datafield tag="321" ind1="1" ind2=" ">
    <subfield code="a">&#x421;&#x41A; 1801-1825 6711</subfield>
  </datafield>
  <datafield tag="325" ind1=" " ind2=" ">
    <subfield code="a">&#x41A;&#x43E;&#x43F;&#x438;&#x44F; &#x434;&#x43E;&#x441;&#x442;&#x443;&#x43F;&#x43D;&#x430; &#x432; &#x42D;&#x43B;&#x435;&#x43A;&#x442;&#x440;&#x43E;&#x43D;. &#x431;-&#x43A;&#x435; &#x420;&#x41D;&#x411;</subfield>
  </datafield>
  <datafield tag="620" ind1=" " ind2=" ">
    <subfield code="d">&#x421;&#x430;&#x43D;&#x43A;&#x442;-&#x41F;&#x435;&#x442;&#x435;&#x440;&#x431;&#x443;&#x440;&#x433;</subfield>
  </datafield>
  <datafield tag="700" ind1=" " ind2="0">
    <subfield code="8">rus</subfield>
    <subfield code="7">ca</subfield>
    <subfield code="a">&#x41F;&#x43E;&#x43B;&#x438;&#x43A;&#x430;&#x440;&#x43F;</subfield>
    <subfield code="c">&#x413;&#x43E;&#x439;&#x442;&#x430;&#x43D;&#x43D;&#x438;&#x43A;&#x43E;&#x432;, &#x41F;&#x435;&#x442;&#x440; &#x415;&#x444;&#x438;&#x43C;&#x43E;&#x432;&#x438;&#x447;</subfield>
    <subfield code="c">&#x430;&#x440;&#x445;&#x438;&#x43C;&#x430;&#x43D;&#x434;&#x440;&#x438;&#x442;</subfield>
    <subfield code="f">1787-1837</subfield>
    <subfield code="3">RU\NLR\AUTH\7792559</subfield>
    <subfield code="9">75486</subfield>
  </datafield>
  <datafield tag="702" ind1=" " ind2="0">
    <subfield code="4">190</subfield>
    <subfield code="8">rus</subfield>
    <subfield code="7">ca</subfield>
    <subfield code="a">&#x418;&#x43D;&#x43D;&#x43E;&#x43A;&#x435;&#x43D;&#x442;&#x438;&#x439;</subfield>
    <subfield code="c">&#x421;&#x43C;&#x438;&#x440;&#x43D;&#x43E;&#x432;, &#x418;&#x43B;&#x43B;&#x430;&#x440;&#x438;&#x43E;&#x43D; &#x414;&#x43C;&#x438;&#x442;&#x440;&#x438;&#x435;&#x432;&#x438;&#x447;</subfield>
    <subfield code="c">&#x435;&#x43F;&#x438;&#x441;&#x43A;&#x43E;&#x43F;</subfield>
    <subfield code="f">1784-1819</subfield>
    <subfield code="3">RU\NLR\AUTH\7710299</subfield>
    <subfield code="9">120078</subfield>
  </datafield>
  <datafield tag="702" ind1=" " ind2="1">
    <subfield code="4">610</subfield>
    <subfield code="8">rus</subfield>
    <subfield code="7">ca</subfield>
    <subfield code="a">&#x413;&#x440;&#x435;&#x447;</subfield>
    <subfield code="b">&#x41D;. &#x418;.</subfield>
    <subfield code="f">1787-1867</subfield>
    <subfield code="g">&#x41D;&#x438;&#x43A;&#x43E;&#x43B;&#x430;&#x439; &#x418;&#x432;&#x430;&#x43D;&#x43E;&#x432;&#x438;&#x447;</subfield>
    <subfield code="3">RU\NLR\AUTH\7759985</subfield>
    <subfield code="9">42916</subfield>
  </datafield>
  <datafield tag="712" ind1="0" ind2="0">
    <subfield code="4">610</subfield>
    <subfield code="a">&#x413;&#x440;&#x435;&#x447;,</subfield>
    <subfield code="g">&#x41D;. &#x418;.,</subfield>
    <subfield code="h">&#x442;&#x438;&#x43F;&#x43E;&#x433;&#x440;&#x430;&#x444;&#x438;&#x44F;</subfield>
    <subfield code="c">&#x41F;&#x435;&#x442;&#x435;&#x440;&#x431;&#x443;&#x440;&#x433;</subfield>
    <subfield code="3">RU\NLR\AUTH\8810035694</subfield>
    <subfield code="9">569815</subfield>
  </datafield>
  <datafield tag="790" ind1=" " ind2="1">
    <subfield code="6">z01700</subfield>
    <subfield code="a">&#x413;&#x43E;&#x439;&#x442;&#x430;&#x43D;&#x43D;&#x438;&#x43A;&#x43E;&#x432;</subfield>
    <subfield code="b">&#x41F;.&#x415;.</subfield>
    <subfield code="g">&#x41F;&#x435;&#x442;&#x440; &#x415;&#x444;&#x438;&#x43C;&#x43E;&#x432;&#x438;&#x447;</subfield>
  </datafield>
  <datafield tag="852" ind1=" " ind2=" ">
    <subfield code="a">NLR</subfield>
    <subfield code="j">18.94.4.242</subfield>
  </datafield>
  <datafield tag="942" ind1=" " ind2=" ">
    <subfield code="c">BOOK</subfield>
  </datafield>
  <datafield tag="980" ind1=" " ind2=" ">
    <subfield code="a">NB</subfield>
  </datafield>
  <datafield tag="980" ind1="3" ind2=" ">
    <subfield code="a">kpcivil2021</subfield>
  </datafield>
  <datafield tag="980" ind1="3" ind2=" ">
    <subfield code="a">kp2021</subfield>
  </datafield>
  <datafield tag="980" ind1="3" ind2=" ">
    <subfield code="a">kp</subfield>
  </datafield>
  <datafield tag="980" ind1=" " ind2=" ">
    <subfield code="a">A1XIXv</subfield>
  </datafield>
  <datafield tag="981" ind1="2" ind2="2">
    <subfield code="a">(22) &#x41C;&#x430;&#x442;&#x435;&#x440;&#x438;&#x430;&#x43B;&#x44B; &#x43F;&#x43E; &#x438;&#x441;&#x442;&#x43E;&#x440;&#x438;&#x438; &#x420;&#x43E;&#x441;&#x441;&#x438;&#x438;</subfield>
    <subfield code="b">(22) &#x420;&#x435;&#x43B;&#x438;&#x433;&#x438;&#x43E;&#x437;&#x43D;&#x44B;&#x435; &#x43A;&#x43E;&#x43D;&#x444;&#x435;&#x441;&#x441;&#x438;&#x438;</subfield>
  </datafield>
  <datafield tag="981" ind1="2" ind2="0">
    <subfield code="a">(20) &#x41A;&#x43D;&#x438;&#x436;&#x43D;&#x44B;&#x435; &#x43F;&#x430;&#x43C;&#x44F;&#x442;&#x43D;&#x438;&#x43A;&#x438; &#x420;&#x41D;&#x411;</subfield>
    <subfield code="b">(20) &#x420;&#x443;&#x441;&#x441;&#x43A;&#x438;&#x439; &#x43A;&#x43D;&#x438;&#x436;&#x43D;&#x44B;&#x439; &#x444;&#x43E;&#x43D;&#x434;</subfield>
  </datafield>
</record>
